000 01390cam a2200217 4500500
005 20260329003340.0
041 _afre
042 _adc
100 1 0 _aDupuy, Romuald
_eauthor
245 0 0 _aThe European Defense Industry: Institutional Changes and Coopetition Strategies of Firms
260 _c2013.
500 _a67
520 _aDuring the 1990s, the US defense industry has been significantly restructured through the concentration of firms. The US government has organized the defense market in order to develop coopetition strategies between companies. In Europe, the phenomenon of restructuring has been initiated and is ongoing. In this paper, we show that while coopetition is also observed between European firms, it does require institutional changes. Increasingly, States transfer technical and technological skills to firms and open their national procurement markets. These changes are made by the States, but are also induced by changes at the European level.JEL Codes: F23, L20, L64, O32
690 _aco-opetition
690 _adefense industrial and technological base
690 _aEuropean defense industry
690 _afirms’ strategies
690 _ainstitutional change
786 0 _nInnovations | o 42 | 3 | 2013-08-02 | p. 85-107 | 1267-4982
856 4 1 _uhttps://shs.cairn.info/journal-innovations-2013-3-page-85?lang=en&redirect-ssocas=7080
999 _c1823785
_d1823785